000 01618nam a2200349 c 4500
003 BLK
005 20180421000600.0
008 180411b bul|||||r ||||||| ||bul||
010 _aKNG00198599000
040 _aBLK
041 _aBUL
_cBUL
080 _aХидротерапия (водотерапия). Балнеолечение. Курортотерапия - Лечение с бани, горещи бани, сауна, хладни бани, речно къпане, влажни фрикции, компреси, с "жива вода"(алкално активирана, с ph 9, 6;курорт
_b615.838
_x
_z615.838
100 1 _aЧелебиев, Арон
_eпърви автор
_9287897
700 1 _aАронов, Арон Челебиев
_e*
_9287898
139 _aЧелебиев, Арон
_bЧ 52
245 1 0 _aГорна баня
_cАрон Челебиев; * Арон Челебиев Аронов.
257 _aBGR
260 София
_bМедицина и физкултура
_c1963
300 _a64 с.
_bс ил.
_c16 см
380 _a61
490 1 _aНаши курорти
500 _aПълното име на авт. е Арон Члебиев Аронов. - 1. изд. 1963. - 10 101 тир.
650 4 _aКурорти, български - пътеводители
_9287899
650 4 _aБалнеология - България
_9266417
651 4 _aГорна баня
_9287900
653 _aбалнеолечение
852 _aЦб І 5839
856 4 _qpdf
_u
856 4 _qpdf
_u
942 _cKNG
_n0
944 _aCR
_c19.12.2016
_kКети_Илиева
944 _aED
_c19.12.2016
_kКети_Илиева
999 _c189555
_d189555